[Event "Norway Chess Open GM 2025"]
[Site "Stavanger NOR"]
[Date "2025.05.29"]
[Round "5.24"]
[White "Myagmarsuren, Evsuld"]
[Black "Strahl, Christian"]
[Result "0-1"]
[WhiteTitle "FM"]
[WhiteElo "2292"]
[BlackElo "2059"]
[WhiteFideId "1551639"]
[BlackFideId "12955019"]
[EventDate "2025.05.26"]

1. e4 c6 2. d4 d5 3. exd5 cxd5 4. Bd3 Nc6 5. c3 Nf6 6. Bf4 Bg4 7. Qb3 e5 8. Bxe5
Qe7 9. Ne2 Nxe5 10. dxe5 Qxe5 11. Na3 Bc5 12. O-O O-O 13. Rae1 Rfe8 14. Nc2 Ne4
15. Bxe4 dxe4 16. Ng3 Be6 17. Qa4 f5 18. Nd4 Rad8 19. f3 b5 20. Qc2 Bc4 21. Ne2
exf3 22. gxf3 Bxe2 23. Rf2 Rxd4 24. Rexe2 Qxe2 25. Rxe2 Rg4+ 26. Kf1 Rg1# 0-1

[Event "Norway Chess Open GM 2025"]
[Site "Stavanger NOR"]
[Date "2025.05.29"]
[Round "5.25"]
[White "Wiger-Nordas, Felix"]
[Black "Krivenko, Dion"]
[Result "0-1"]
[BlackTitle "FM"]
[WhiteElo "1924"]
[BlackElo "2243"]
[WhiteFideId "1557203"]
[BlackFideId "4508378"]
[EventDate "2025.05.26"]

1. Nc3 d6 2. g3 Nf6 3. Bg2 g6 4. e4 Bg7 5. Nge2 O-O 6. d3 c5 7. a4 Nc6 8. h3 a6
9. O-O Rb8 10. f4 Bd7 11. g4 b5 12. axb5 axb5 13. Qe1 b4 14. Nd1 Nd4 15. Nxd4
cxd4 16. b3 Qc8 17. Qf2 Ne8 18. Nb2 f5 19. exf5 gxf5 20. g5 Bc6 21. Ra7 Rb7 22.
Ra8 Qd7 23. Nc4 Rb5 24. Bxc6 Qxc6 25. Qg2 d5 26. Rd8 Rc5 27. Ne5 Bxe5 28. fxe5
Rxc2 29. Qxd5+ Qxd5 30. Rxd5 Ng7 31. Rxd4 Rfc8 32. Rc4 R8xc4 33. bxc4 Ne6 34.
Rd1 f4 35. h4 Kf7 36. d4 Nxd4 37. Kf1 Ne2 38. Bd2 Ng3+ 39. Ke1 Rxc4 40. Kf2 Rd4
41. e6+ Kxe6 42. Re1+ Kf5 43. Bc1 Ne4+ 44. Kg2 e5 45. Re2 Rd3 46. Rc2 Rg3+ 47.
Kh2 Rc3 48. Rxc3 bxc3 49. Kg2 Kg4 50. Ba3 Kxh4 0-1

[Event "Norway Chess Open GM 2025"]
[Site "Stavanger NOR"]
[Date "2025.05.29"]
[Round "5.30"]
[White "Swarna Nihal"]
[Black "Follana Albelda, Lucia"]
[Result "1/2-1/2"]
[WhiteElo "2228"]
[BlackElo "2022"]
[WhiteFideId "25683640"]
[BlackFideId "24516937"]
[EventDate "2025.05.26"]

1. d4 Nf6 2. c4 e6 3. Nf3 b6 4. a3 Bb7 5. Nc3 d5 6. cxd5 Nxd5 7. Qc2 Be7 8. e4
Nxc3 9. bxc3 O-O 10. Bd3 c5 11. O-O Qc7 12. Qe2 Rd8 13. Rd1 Nd7 14. Bb2 Nf8 15.
a4 Ng6 16. Qe3 Rac8 17. g3 a6 18. h4 Nf8 19. Ba3 c4 20. Bxe7 Qxe7 21. Bf1 Nd7
22. Nd2 Nf6 23. Rdb1 Qc7 24. Rb4 Bxe4 25. Rxc4 Bc6 26. Bg2 Qd7 27. Bxc6 Rxc6 28.
Rxc6 Qxc6 29. c4 h6 30. Qd3 Nd7 31. Qb3 Qd6 32. Nf3 e5 33. dxe5 Nxe5 34. Nxe5
Qxe5 35. Rc1 Qc5 36. Qe3 Rc8 37. Qxc5 Rxc5 38. Kf1 b5 39. axb5 axb5 40. Ke2 bxc4
41. Ke3 g5 42. hxg5 hxg5 43. Kd4 Rf5 44. Ke3 Rc5 45. Kd4 1/2-1/2

[Event "Norway Chess Open GM 2025"]
[Site "Stavanger NOR"]
[Date "2025.05.29"]
[Round "5.38"]
[White "Weller, Uli"]
[Black "Silva, Mariana"]
[Result "1/2-1/2"]
[BlackTitle "WFM"]
[WhiteElo "2223"]
[BlackElo "2035"]
[WhiteFideId "12971782"]
[BlackFideId "1911899"]
[EventDate "2025.05.26"]

1. e4 c6 2. Nc3 d5 3. Nf3 dxe4 4. Nxe4 Nf6 5. Ng3 h5 6. h3 h4 7. Ne2 c5 8. b3
Nc6 9. Bb2 Bf5 10. Nc3 a6 11. d3 e6 12. Qd2 Be7 13. O-O-O Qc7 14. Kb1 O-O-O 15.
Qe1 Bg6 16. g3 hxg3 17. fxg3 Bd6 18. Rg1 Nd4 19. Nxd4 cxd4 20. Ne4 Nxe4 21. dxe4
e5 22. h4 Qc6 23. Bd3 Be7 24. Ka1 Kb8 25. c3 Bc5 26. Rf1 f6 27. Rc1 Qb6 28. Bc4
dxc3 29. Bxc3 Bd4 30. Bd5 Rc8 31. Rf3 Rc7 32. Qd2 Rhc8 33. Kb2 Qa5 34. a3 Rxc3
35. Rcxc3 Rxc3 36. Rxc3 Qxc3+ 37. Qxc3 Bxc3+ 38. Kxc3 b6 39. b4 Kc7 40. Kd3 Kd6
41. Ke3 Bh5 42. Bc4 a5 43. Bd3 1/2-1/2

[Event "Norway Chess Open GM 2025"]
[Site "Stavanger NOR"]
[Date "2025.05.29"]
[Round "5.26"]
[White "Lewandrowski, Tomasz"]
[Black "Grebennikov, Nikolai A."]
[Result "0-1"]
[BlackTitle "CM"]
[WhiteElo "1979"]
[BlackElo "2199"]
[WhiteFideId "1154753"]
[BlackFideId "4121988"]
[EventDate "2025.05.26"]

1. d4 Nf6 2. Nc3 d6 3. e4 g6 4. f3 a6 5. Be3 Nbd7 6. Qd2 b5 7. h4 Nb6 8. O-O-O
b4 9. Nb1 a5 10. g4 h5 11. g5 Nfd7 12. f4 Bb7 13. d5 Bg7 14. Bd4 O-O 15. Bxg7
Kxg7 16. Bg2 c5 17. Ne2 Nc4 18. Qd3 Ba6 19. Qf3 a4 20. Ng3 a3 21. b3 Nb2 22. e5
c4 23. e6 cxb3 24. Qxb3 Nc5 25. Qxb4 Nxd1 26. Rxd1 fxe6 27. dxe6 Rb8 28. Qc3+
Kh7 29. f5 Qb6 30. fxg6+ Kxg6 31. Nxa3 Rf2 32. Bd5 Qb4 33. Qxb4 Rxb4 34. Bc6 Rg4
35. Be8+ Kh7 36. Nxh5 Nxe6 37. Nb5 Rxh4 38. Nxd6 Nxg5 39. Ng3 exd6 40. Rxd6 Bc8
41. Bg6+ Kg8 42. Bd3 Be6 43. Ne4 Nxe4 44. Rxe6 Nc5 45. Rd6 Na4 46. Rg6+ Kf7 47.
Rg1 Kf6 48. a3 Ke5 49. Kb1 Rh3 50. Rg4 Nc5 51. Rg5+ Kd4 52. Rg4+ Ke3 53. Bb5 Ne4
54. Kb2 Rg3 55. Rh4 Nc5 56. a4 Rf4 57. Rh5 Nxa4+ 58. Kb3 Nb6 59. Bd3 Kd4 60. Kb4
Nd5+ 61. Kb5 Ne3 62. Kb4 Rg2 63. Kb3 Ng4 64. Rh8 Ne5 65. Rd8+ Ke3 66. Re8 Kd4
67. Rd8+ Kc5 68. Rc8+ Kb6 69. Bh7 Rh2 70. Bg8 Rh8 71. Re8 Nc6 0-1

[Event "Norway Chess Open GM 2025"]
[Site "Stavanger NOR"]
[Date "2025.05.29"]
[Round "5.39"]
[White "Muller, Maxime"]
[Black "Chernetskiy, Mykola"]
[Result "1/2-1/2"]
[BlackTitle "IM"]
[WhiteElo "2023"]
[BlackElo "2198"]
[WhiteFideId "26088533"]
[BlackFideId "14115999"]
[EventDate "2025.05.26"]

1. d4 e6 2. c4 f5 3. g3 Nf6 4. Bg2 d5 5. Nf3 c6 6. O-O Bd6 7. Qc2 O-O 8. Nc3 Qe8
9. c5 Bc7 10. Bf4 Bxf4 11. gxf4 Nh5 12. e3 Nd7 13. b4 h6 14. Ne5 Nxe5 15. dxe5
g5 16. fxg5 hxg5 17. f4 a5 18. bxa5 Rxa5 19. Ne2 Qe7 20. Rac1 Bd7 21. Qb3 Be8
22. fxg5 Qxg5 23. Nf4 Bf7 24. Rc2 Rfa8 25. Kh1 Qe7 26. Bf3 Nxf4 27. exf4 Ra3 28.
Qb1 Kf8 29. Rb2 R8a7 30. Qc2 Qh4 31. Bg2 R3a4 32. Rxb7 Rxa2 33. Qb3 R7a3 34.
Rb8+ Kg7 35. Qb1 Rxg2 36. Kxg2 Rh3 37. Rg1 Rxh2+ 38. Kf3+ Kh7 39. Qf1 d4 40. Rb7
Qh5+ 41. Kg3 Qh4+ 42. Kf3 Qh5+ 43. Kg3 Qh4+ 44. Kf3 Qh5+ 1/2-1/2

[Event "Norway Chess Open GM 2025"]
[Site "Stavanger NOR"]
[Date "2025.05.29"]
[Round "5.27"]
[White "Harish, Neeraj"]
[Black "Pragnya H G"]
[Result "1-0"]
[WhiteTitle "CM"]
[BlackTitle "WFM"]
[WhiteElo "2192"]
[BlackElo "1929"]
[WhiteFideId "30958130"]
[BlackFideId "25609785"]
[EventDate "2025.05.26"]

1. e4 c5 2. Nf3 d6 3. d4 cxd4 4. Nxd4 Nf6 5. Nc3 a6 6. Be3 Ng4 7. Bg5 h6 8. Bc1
Nc6 9. h3 Nf6 10. Be3 Bd7 11. g4 e6 12. Qd2 b5 13. a3 Rb8 14. Nxc6 Bxc6 15. Bg2
a5 16. b4 a4 17. O-O Qc7 18. Rfe1 Be7 19. Qd3 O-O 20. Ne2 Nd7 21. f4 Nb6 22. Nd4
Nc4 23. Bf2 Bd7 24. Qg3 Bf6 25. Rad1 e5 26. Ne2 exf4 27. Nxf4 Be6 28. Bf1 Be5
29. Qf3 Nb2 30. Nd5 Bxd5 31. Rxd5 Qc6 32. Bd3 Qc3 33. Re3 Nxd3 34. Rexd3 Qxc2
35. Rd2 Qb3 36. R5d3 Qc4 37. Bd4 Rbc8 38. Kg2 Qc1 39. Rd1 Qf4 40. Qxf4 Bxf4 41.
Kf3 g5 42. Bf6 Rfe8 43. Rd5 Rc2 44. h4 Rc4 45. hxg5 hxg5 46. Rh1 Bh2 47. Rxh2
Rcxe4 48. Rh8# 1-0

[Event "Norway Chess Open GM 2025"]
[Site "Stavanger NOR"]
[Date "2025.05.29"]
[Round "5.29"]
[White "Rouda Essa, Alserkal"]
[Black "Amundsen, Ask"]
[Result "0-1"]
[WhiteTitle "WGM"]
[WhiteElo "2147"]
[BlackElo "2009"]
[WhiteFideId "9314318"]
[BlackFideId "1528726"]
[EventDate "2025.05.26"]

1. e4 c5 2. Nf3 e6 3. c3 Nf6 4. e5 Nd5 5. d4 cxd4 6. cxd4 d6 7. Bc4 Be7 8. O-O
O-O 9. Qe2 b6 10. Rd1 Qc7 11. Bxd5 exd5 12. Nc3 Be6 13. Bf4 a6 14. Rac1 Qd7 15.
Qc2 Rc8 16. Qb3 Nc6 17. Nxd5 Bd8 18. exd6 Na5 19. Nxb6 Qb7 20. Qd3 Qxb6 21. d5
Bg4 22. Rxc8 Rxc8 23. Qe4 Bf6 24. Re1 Qb5 25. a4 Qd7 26. Ne5 Bxe5 27. Qxe5 Qxa4
28. b4 Nc4 29. Qe4 Bd7 30. Rb1 Qb5 31. Qd4 Nb6 32. Rd1 Rc4 33. Qe5 Rxb4 34. Qe7
Rxf4 35. g3 Rb4 36. Qd8+ Be8 37. Re1 Rb1 38. Rxb1 Qxb1+ 39. Kg2 Qb5 0-1

[Event "Norway Chess Open GM 2025"]
[Site "Stavanger NOR"]
[Date "2025.05.29"]
[Round "5.31"]
[White "Advaitt Srikant Koduri"]
[Black "Thuesen, Mogens"]
[Result "1-0"]
[WhiteElo "1988"]
[BlackElo "2129"]
[WhiteFideId "25185454"]
[BlackFideId "1400878"]
[EventDate "2025.05.26"]

1. d4 d5 2. Nf3 Nf6 3. Bf4 c5 4. c3 Qb6 5. Qb3 Nc6 6. Nbd2 Qxb3 7. axb3 cxd4 8.
Nxd4 Nxd4 9. cxd4 e6 10. e3 Bb4 11. Bd3 Bd7 12. Ke2 Nh5 13. Be5 f6 14. Bc7 g6
15. Bb6 a6 16. g4 Ng7 17. f3 Ke7 18. Rac1 Rac8 19. Bc5+ Bxc5 20. Rxc5 Rxc5 21.
dxc5 e5 22. b4 Ne6 23. Nb3 Bc6 24. Na5 Kd7 25. h4 Kc7 26. h5 g5 27. Rd1 h6 28.
Bg6 Rf8 29. Bc2 Rd8 30. Bb3 Ng7 31. Bc2 Bd7 32. Kf2 Be6 33. e4 d4 34. Bd3 b6 35.
Nc4 bxc5 36. bxc5 Bxc4 37. Bxc4 Kc6 38. b4 a5 39. Bd5+ Kb5 40. bxa5 Ne8 41. Rb1+
Kxc5 42. a6 Nc7 43. Rc1+ Kb6 44. Rc6+ Ka7 45. Rxc7+ Kxa6 46. Rc6+ Kb5 47. Rxf6
Rc8 48. Ke2 1-0

[Event "Norway Chess Open GM 2025"]
[Site "Stavanger NOR"]
[Date "2025.05.29"]
[Round "5.32"]
[White "Abrahams, Daniel"]
[Black "Anatol, Luke Leon Robin"]
[Result "0-1"]
[WhiteTitle "CM"]
[WhiteElo "2112"]
[BlackElo "2007"]
[WhiteFideId "2606879"]
[BlackFideId "39905500"]
[EventDate "2025.05.26"]

1. d4 Nf6 2. c4 g6 3. Nf3 Bg7 4. g3 c5 5. Bg2 Qa5+ 6. Nbd2 cxd4 7. Nxd4 Nc6 8.
e3 Nxd4 9. exd4 d5 10. O-O O-O 11. Nb3 Qd8 12. cxd5 Nxd5 13. Qf3 e6 14. Bd2 b6
15. h4 Bb7 16. h5 Qf6 17. Qg4 Qf5 18. Qxf5 gxf5 19. h6 Bf6 20. Rfc1 Rfc8 21. Bf1
Be7 22. f3 Bd6 23. Kf2 f4 24. g4 Be7 25. Bd3 Bg5 26. Be4 Rxc1 27. Rxc1 Rc8 28.
Rh1 Bc6 29. Rh5 f6 30. Nc1 Ne3 31. Bd3 Nd1+ 32. Kg2 Nxb2 33. Ba6 Rc7 34. Ne2 Be8
35. Rh1 Rc2 36. Bc1 b5 37. Kf1 Nd3 38. Ba3 Rxa2 0-1

[Event "Norway Chess Open GM 2025"]
[Site "Stavanger NOR"]
[Date "2025.05.29"]
[Round "5.33"]
[White "Elsness, Fredrik Valstad"]
[Black "Pintor, Simao"]
[Result "1/2-1/2"]
[WhiteElo "2111"]
[BlackElo "2021"]
[WhiteFideId "1567829"]
[BlackFideId "1904787"]
[EventDate "2025.05.26"]

1. e4 c5 2. Nf3 Nc6 3. d4 cxd4 4. Nxd4 e5 5. Nb5 d6 6. N1c3 a6 7. Na3 Be7 8. Nc4
b5 9. Ne3 Nf6 10. Ned5 O-O 11. Nxf6+ Bxf6 12. Nd5 Bg5 13. Be2 Be6 14. O-O Nd4
15. Bxg5 Qxg5 16. Ne3 g6 17. c3 1/2-1/2

[Event "Norway Chess Open GM 2025"]
[Site "Stavanger NOR"]
[Date "2025.05.29"]
[Round "5.34"]
[White "Costache, Andrei Eugeniu"]
[Black "Simonsen, David Mindestrommen"]
[Result "1-0"]
[WhiteElo "1952"]
[BlackElo "2104"]
[WhiteFideId "42206057"]
[BlackFideId "1565672"]
[EventDate "2025.05.26"]

1. e4 c5 2. Nf3 d6 3. d4 cxd4 4. Qxd4 e5 5. Qe3 Nf6 6. c4 Be7 7. Nc3 Be6 8. Be2
O-O 9. O-O Nbd7 10. h3 Nh5 11. Rd1 Nf4 12. Bf1 a6 13. b3 Qa5 14. a4 b5 15. b4
Qxb4 16. Ba3 Qa5 17. axb5 Qc7 18. g3 Ng6 19. bxa6 Rxa6 20. c5 Rxa3 21. Rxa3 Qxc5
22. Qxc5 Nxc5 23. Nd2 Nxe4 24. Ncxe4 d5 25. Ra5 dxe4 26. Nxe4 Rc8 27. Rda1 f6
28. Ra8 Kf7 29. Rxc8 Bxc8 30. Ra7 Be6 31. h4 Bd5 32. Nc3 Be6 33. Nb5 Bb3 34. h5
Nf8 35. Bh3 Ke8 36. Bg2 Ne6 37. Bc6+ Kf8 38. Ra8+ Nd8 39. Nd6 Bxd6 40. Rxd8+ Ke7
41. Rd7+ Ke6 42. Rxg7 Bc2 43. Bd7+ Kd5 44. Rf7 e4 45. Rxf6 e3 46. fxe3 Bxg3 47.
Rf7 Bh4 48. Bf5 Bxf5 49. Rxf5+ Ke6 50. e4 h6 51. Kg2 Bf6 52. Kf3 Be5 53. Ke3 Bf6
54. Ra5 Bd8 55. Ra6+ Ke5 56. Kf3 Bg5 57. Ra5+ Kf6 58. Rf5+ Ke6 59. Rxg5 hxg5 60.
Kg4 Kf6 61. e5+ Kg7 62. Kxg5 Kh7 63. e6 Kg7 64. e7 Kf7 65. h6 Kg8 66. Kg6 1-0

[Event "Norway Chess Open GM 2025"]
[Site "Stavanger NOR"]
[Date "2025.05.29"]
[Round "5.41"]
[White "Aravindhan, Achyuth"]
[Black "Zepeda Berlanga, Jan Enrique"]
[Result "1/2-1/2"]
[WhiteTitle "CM"]
[BlackTitle "CM"]
[WhiteElo "2098"]
[BlackElo "1941"]
[WhiteFideId "1084216"]
[BlackFideId "5132355"]
[EventDate "2025.05.26"]

1. e4 e5 2. Nf3 Nc6 3. Bc4 Bc5 4. c3 Nf6 5. d4 exd4 6. e5 d5 7. Bb5 Ne4 8. cxd4
Bb4+ 9. Nbd2 O-O 10. O-O Ne7 11. Qa4 Bxd2 12. Nxd2 Bf5 13. Qd1 c5 14. Nxe4 dxe4
15. dxc5 Qa5 16. Qa4 Qc7 17. Be3 Qxe5 18. Rad1 Be6 19. Bc4 Bxc4 20. Qxc4 Rad8
21. Bd4 Qh5 22. Qc2 Nd5 23. Qxe4 Rfe8 24. Qf3 Qxf3 25. gxf3 Nf4 26. Be3 Nd3 27.
f4 f5 28. Rd2 Nb4 29. Rfd1 Nc6 30. b4 a6 31. a4 Rxd2 32. Rxd2 Re7 33. b5 axb5
34. axb5 Na7 35. c6 bxc6 36. b6 Nb5 37. Rc2 Kf7 38. Rxc6 g6 39. Kg2 Rd7 40. Bc5
Rb7 41. h4 Ke8 42. h5 gxh5 43. Rf6 Nc3 44. Rxf5 Na4 45. Rf8+ Kd7 46. Rf7+ Kc6
47. Rxb7 Kxb7 48. Be3 Nxb6 49. Bxb6 Kxb6 50. Kh3 Kc6 51. Kh4 Kd6 52. Kxh5 Ke6
53. Kg5 Kf7 54. Kf5 Ke7 55. Kg5 Kf7 56. f3 Kg7 57. Kf5 Kf7 58. Kg5 Kg7 59. f5
h6+ 60. Kh5 Kf6 61. Kg4 Ke5 62. f4+ 1/2-1/2

[Event "Norway Chess Open GM 2025"]
[Site "Stavanger NOR"]
[Date "2025.05.29"]
[Round "5.42"]
[White "Gasland, Lukas Dominik"]
[Black "Guretchii, Kirill"]
[Result "1-0"]
[WhiteElo "1997"]
[BlackElo "2094"]
[WhiteFideId "1557882"]
[BlackFideId "13911872"]
[EventDate "2025.05.26"]

1. Nf3 d5 2. g3 Nd7 3. Bg2 e5 4. O-O Ngf6 5. c4 e4 6. Ne1 dxc4 7. Nc3 Nc5 8. Qc2
Bf5 9. b4 Ne6 10. e3 a5 11. Nxe4 Ng5 12. Nd6+ Bxd6 13. Qxf5 Nd7 14. Bxb7 g6 15.
Qd5 Rb8 16. Bc6 axb4 17. Bb2 Rg8 18. f4 Ne6 19. f5 gxf5 20. Qxf5 Rf8 21. Nf3 Rb6
22. Bf6 Qc8 23. Nd4 Rxc6 24. Nxc6 Nxf6 25. Qxf6 Qb7 26. Nd4 Kd7 27. Nxe6 fxe6
28. Qg7+ Ke8 29. Qxh7 Qd5 30. Qg6+ Kd8 31. Rxf8+ Bxf8 32. Qg8 Ke8 33. Rf1 Qd6
34. Qf7+ 1-0

[Event "Norway Chess Open GM 2025"]
[Site "Stavanger NOR"]
[Date "2025.05.29"]
[Round "5.35"]
[White "Zhang, Ruijia"]
[Black "Machin, Guillaume"]
[Result "1-0"]
[BlackTitle "CM"]
[WhiteElo "1970"]
[BlackElo "2069"]
[WhiteFideId "8645264"]
[BlackFideId "616648"]
[EventDate "2025.05.26"]

1. e4 e6 2. d4 d5 3. exd5 exd5 4. Nf3 Nc6 5. c3 Bd6 6. Bd3 Nge7 7. O-O Bg4 8.
Be3 Qd7 9. Nbd2 O-O-O 10. b4 Rde8 11. b5 Nd8 12. c4 dxc4 13. Nxc4 Nd5 14. Rc1
Kb8 15. Be2 Bxf3 16. Bxf3 Nxe3 17. fxe3 f5 18. Qb3 Qe7 19. Rfe1 g5 20. Bd5 g4
21. a4 Rhf8 22. a5 Bxh2+ 23. Kxh2 f4 24. g3 Qg5 25. Ne5 Rxe5 26. dxe5 f3 27. Rh1
Qxe5 28. Qc3 Qe7 29. Kg1 Rf5 30. e4 f2+ 31. Kf1 Rf3 32. Qc5 Qg7 33. b6 axb6 34.
axb6 cxb6 35. Qxb6 1-0

[Event "Norway Chess Open GM 2025"]
[Site "Stavanger NOR"]
[Date "2025.05.29"]
[Round "5.36"]
[White "Charvi A"]
[Black "Aarts, Joaquin"]
[Result "1-0"]
[WhiteTitle "WFM"]
[WhiteElo "2056"]
[BlackElo "1990"]
[WhiteFideId "25165518"]
[BlackFideId "1078224"]
[EventDate "2025.05.26"]

1. e4 c5 2. Nf3 d6 3. d4 cxd4 4. Nxd4 Nf6 5. Nc3 a6 6. f3 e5 7. Nb3 Be7 8. Be3
Be6 9. Qd2 h5 10. Nd5 Bxd5 11. exd5 Nbd7 12. O-O-O Qc7 13. c4 a5 14. Kb1 O-O 15.
Bd3 a4 16. Nc1 b5 17. cxb5 Nxd5 18. Be4 Nxe3 19. Qxe3 Rac8 20. Ne2 Nb6 21. Bc6
Rfd8 22. Ng3 g6 23. f4 exf4 24. Qxf4 d5 25. Qxc7 Rxc7 26. a3 f5 27. Ne2 Bf6 28.
Nf4 Kf7 29. Nxd5 Rxc6 30. bxc6 Nxd5 31. Rxd5 Rxd5 32. c7 Rc5 33. Rc1 Rxc7 34.
Rxc7+ Ke6 35. Rc4 g5 36. Rxa4 f4 37. Rb4 Kf5 38. Kc2 g4 39. Kd3 h4 40. Rb5+ Be5
41. a4 g3 42. hxg3 f3 43. gxf3 hxg3 44. Ke3 Kf6 45. Rxe5 Kxe5 46. f4+ 1-0

[Event "Norway Chess Open GM 2025"]
[Site "Stavanger NOR"]
[Date "2025.05.29"]
[Round "5.37"]
[White "Hetland, Even"]
[Black "Maurstad, Astor Moe"]
[Result "1-0"]
[WhiteElo "2025"]
[BlackElo "1933"]
[WhiteFideId "1555995"]
[BlackFideId "1576640"]
[EventDate "2025.05.26"]

1. Nf3 d5 2. g3 Nf6 3. Bg2 e6 4. d4 Be7 5. O-O O-O 6. c4 c6 7. Nc3 a5 8. Nd2 b5
9. cxb5 cxb5 10. Nxb5 Qb6 11. Nc3 Qxd4 12. e4 Bb7 13. exd5 Nxd5 14. Qb3 Bc6 15.
Nxd5 Bxd5 16. Bxd5 Qxd5 17. Qxd5 exd5 18. Nf3 Bf6 19. Rd1 Rd8 20. Be3 Bxb2 21.
Rab1 Bc3 22. Rbc1 Bb4 23. Bb6 Re8 24. Rxd5 Ra6 25. Rb5 Nd7 26. Be3 h6 27. Rc7
Rd6 28. Rbb7 Rd8 29. Kg2 Rd5 30. Bd4 Kh7 31. Ra7 Kg6 32. Bb2 Be7 33. Rxd7 R8xd7
34. Rxd7 Rxd7 35. Ne5+ Kf5 36. Nxd7 Ke6 37. Nb6 Bd8 38. Nc4 Kd5 39. Nd2 a4 40.
Kf3 g5 41. g4 Ba5 42. Ke2 Bd8 43. Kd3 Ke6 44. Ke4 f6 45. Nc4 Bc7 46. h3 Bd8 47.
f4 gxf4 48. Kxf4 Kd5 49. Ne3+ Kc5 50. Bc3 Bc7+ 51. Ke4 Bg3 52. Bxf6 Kb4 53. Bb2
Bf2 54. Kd3 Bh4 55. Nf5 Bg5 56. h4 Bf4 57. Nxh6 Bxh6 58. g5 a3 59. Bc3+ Ka4 60.
gxh6 1-0

[Event "Norway Chess Open GM 2025"]
[Site "Stavanger NOR"]
[Date "2025.05.30"]
[Round "6.12"]
[White "Hedman, Erik"]
[Black "Lie, Kjetil A."]
[Result "1/2-1/2"]
[WhiteTitle "IM"]
[BlackTitle "GM"]
[WhiteElo "2272"]
[BlackElo "2493"]
[WhiteFideId "1702351"]
[BlackFideId "1501984"]
[EventDate "2025.05.26"]

1. e4 g6 2. d4 Bg7 3. Nf3 d6 4. Nc3 a6 5. Bd3 Bg4 6. Be3 Nc6 7. Be2 e5 8. dxe5
dxe5 9. Qxd8+ Rxd8 10. Nd5 Rd7 11. O-O-O h5 12. Rhe1 Bxf3 13. Bxf3 Bh6 14. Bxh6
Rxh6 15. c3 Nd8 16. h4 Ne6 17. g3 g5 18. hxg5 Nxg5 19. Bg2 c6 20. Ne3 Rf6 21.
Nf5 Nh6 22. Ng7+ Ke7 23. Rxd7+ Kxd7 24. f4 exf4 25. Nxh5 Rg6 26. gxf4 Nh7 27.
Bh3+ Kc7 28. e5 Ng8 29. Kd2 Ne7 30. c4 b5 31. b3 Nf8 32. Nf6 Kb6 33. Ne4 Rh6 34.
Ng5 Rh4 35. cxb5 axb5 36. f5 Rh5 37. Rg1 Kc5 38. Rg3 Kd5 39. Bg2+ Kxe5 40. Re3+
Kd6 41. Nxf7+ Kd7 42. Ne5+ Kd6 43. Nf7+ Kd7 44. Ne5+ Kd6 45. Nf7+ Kd7 1/2-1/2

[Event "Norway Chess Open GM 2025"]
[Site "Stavanger NOR"]
[Date "2025.05.30"]
[Round "6.4"]
[White "Kvaloy, Aksel Bu"]
[Black "Wang, Hao(ZJ)"]
[Result "1/2-1/2"]
[WhiteTitle "IM"]
[WhiteElo "2479"]
[BlackElo "2418"]
[WhiteFideId "1528815"]
[BlackFideId "8631859"]
[EventDate "2025.05.26"]

1. Nf3 Nf6 2. c4 e6 3. g3 d5 4. Bg2 Be7 5. d4 O-O 6. O-O dxc4 7. Qc2 a6 8. a4
Nc6 9. Qxc4 Na5 10. Qc2 b6 11. Ne5 Bb7 12. Bxb7 Nxb7 13. Nc6 Qe8 14. Rd1 Bc5 15.
Ne5 Bd6 16. Nc3 h6 17. b3 Na5 18. Ba3 Qe7 19. Bxd6 cxd6 20. b4 dxe5 21. dxe5
Qxb4 22. exf6 Rfc8 23. Rd3 gxf6 24. Rb1 Qc5 25. Qd2 Kg7 26. Ne4 Qc2 27. Rxb6
Qxd2 28. Nxd2 Rc2 29. e3 Nc4 30. Nxc4 Rxc4 1/2-1/2

[Event "Norway Chess Open GM 2025"]
[Site "Stavanger NOR"]
[Date "2025.05.30"]
[Round "6.40"]
[White "Hetland, Even"]
[Black "Zhou, Yang-Fan"]
[Result "0-1"]
[BlackTitle "IM"]
[WhiteElo "2025"]
[BlackElo "2425"]
[WhiteFideId "1555995"]
[BlackFideId "468584"]
[EventDate "2025.05.26"]

1. d4 Nf6 2. c4 d6 3. Nf3 g6 4. g3 Bg7 5. Bg2 O-O 6. O-O c5 7. Nc3 Nc6 8. dxc5
dxc5 9. Be3 Be6 10. Rc1 b6 11. Ng5 Bd7 12. h3 Qc8 13. Kh2 h6 14. Nf3 Rd8 15. Qe1
Qa6 16. b3 Rac8 17. Rd1 Ne8 18. Bc1 Nc7 19. e3 b5 20. cxb5 Nxb5 21. Bd2 Nb4 22.
a4 Na3 23. Qe2 Qe6 24. Nb5 Nxb5 25. axb5 Qb6 26. Nd4 cxd4 27. Bxb4 Bxb5 28. Qe1
Bxf1 29. Bxf1 dxe3 30. Rxd8+ Rxd8 31. fxe3 Rb8 32. Bxe7 Qxb3 0-1

[Event "Norway Chess Open GM 2025"]
[Site "Stavanger NOR"]
[Date "2025.05.30"]
[Round "6.13"]
[White "Elsness, Frode"]
[Black "Poley, Vladimir"]
[Result "1-0"]
[WhiteTitle "IM"]
[BlackTitle "IM"]
[WhiteElo "2416"]
[BlackElo "2284"]
[WhiteFideId "1501100"]
[BlackFideId "13500090"]
[EventDate "2025.05.26"]

1. d4 g6 2. c4 Bg7 3. e4 d6 4. Nc3 e5 5. d5 a5 6. h3 h5 7. Nf3 Nf6 8. Bd3 Na6 9.
Bc2 Qe7 10. a3 Nc5 11. Be3 Bh6 12. Bxh6 Rxh6 13. Qd2 Rh8 14. g3 Kf8 15. Qe3 Kg7
16. Nh4 Nh7 17. Ng2 Re8 18. O-O-O Qg5 19. f4 exf4 20. gxf4 Qxg2 21. Rdg1 Qxc2+
22. Kxc2 Nxe4 23. Nb5 Nc5 24. Qc3+ Nf6 25. Nxc7 Re2+ 26. Kd1 Ne4 27. Qd4 Rd2+
28. Qxd2 Nxd2 29. Kxd2 Rb8 30. Nb5 Ne4+ 31. Ke3 Bf5 32. Nd4 Kf6 33. Nxf5 Kxf5
34. Kd4 a4 35. Re1 Nc5 36. Re7 f6 37. Rc7 Re8 38. Rd1 Re4+ 39. Kc3 Rxf4 40. Rc8
Rf3+ 41. Kc2 Rf2+ 42. Kb1 b6 43. Rc6 Ne4 44. Rxb6 Ke5 45. Rc6 g5 46. c5 g4 47.
cxd6 Nxd6 48. hxg4 hxg4 49. Rc3 Re2 50. Rc7 Ne4 51. d6 Nd2+ 52. Kc2 Ne4+ 53. Kc1 1-0

[Event "Norway Chess Open GM 2025"]
[Site "Stavanger NOR"]
[Date "2025.05.30"]
[Round "6.14"]
[White "Nechitaylo, Nikita"]
[Black "Hansen, Torbjorn Ringdal"]
[Result "0-1"]
[WhiteTitle "FM"]
[BlackTitle "GM"]
[WhiteElo "2261"]
[BlackElo "2407"]
[WhiteFideId "34138161"]
[BlackFideId "1501720"]
[EventDate "2025.05.26"]

1. e4 c6 2. d4 d5 3. exd5 cxd5 4. c4 Nf6 5. Nc3 g6 6. cxd5 Bg7 7. Bc4 O-O 8.
Nge2 Na6 9. Nf4 Nc7 10. a4 b6 11. a5 Rb8 12. axb6 axb6 13. Qe2 Bg4 14. f3 Bd7
15. O-O b5 16. Bb3 b4 17. Ne4 Bb5 18. Nxf6+ Bxf6 19. Bc4 Bxd4+ 20. Kh1 Qd6 21.
Rd1 Bf6 22. Bxb5 Nxb5 23. Be3 Rfc8 24. Ra5 Nd4 25. Bxd4 Bxd4 26. g3 Bf6 27. Ra6
Qe5 28. Qxe5 Bxe5 29. Nd3 Bd6 30. Rc6 Kf8 31. Rdc1 Rd8 32. b3 Rb5 33. Rc8 Rxc8
34. Rxc8+ Kg7 35. Rc4 Rxd5 36. Nxb4 Rb5 37. Nd3 Rxb3 38. Rd4 Rb1+ 39. Kg2 Rd1
40. h4 Rd2+ 41. Kh3 h5 42. f4 Kh6 43. Rd5 f5 44. Rd4 Bc5 0-1